000 01596nam a2200517 i 4500
001 52739
003 KOSZ 005
005 20190902121622.0
008 991126s1999 pl a f |000 0 pol
015 _aPB 2000/590
020 _a8301129859
035 _a991011790819705066
035 _a(PL-WaBN)b13201633-48omnis_nlop
035 _ab13201633
035 _a(OCoLC)749525105
035 _a(PL)b0000001320163
035 _a(EXLNZ-48OMNIS_NETWORK)9910204727605606
040 _aWA N
_cWA N
_dKOSZ 005/HR
041 0 _apol
046 _k1999
080 _a606
080 _a663/664
080 _a628.1/.6
080 _a(03)
100 1 _aBarbusiński, Krzysztof
_d(1958- )
_eAutor
245 1 0 _aLeksykon biotechnologii środowiskowej /
_cKrzysztof Barbusiński.
250 _aWyd. 2 popr. i rozsz.
260 _aWarszawa :
_bWydaw. Naukowe PWN,
_c1999.
300 _a134, [2] s. :
_bil. ;
_c17 cm.
336 _2rdacontent
_aTekst
_btxt
337 _2rdamedia
_aBez urządzenia pośredniczącego
_bn
338 _2rdacarrier
_aWolumin
_bnc
380 _aKsiążki
388 _a1901-2000
388 _a1989-2000
504 _aBibliogr.
650 7 _aBiotechnologia środowiskowa
_2DBN
650 7 _aDegradacja środowiska
655 7 _aEncyklopedia
_2DBN
658 _aOchrona środowiska
658 _aInżynieria i technika
710 2 _aWydawnictwo Naukowe PWN
_4pbl
856 _uhttp://koha.tu.koszalin.pl/cgi-bin/koha/opac-detail.pl?biblionumber=52739
_yKatalog online BPK
942 _2UKD
_cKS
999 _c52739
_d52739